|
|
|
|
| LEADER |
01604nam a2200337 a 4500 |
| 001 |
12307318 |
| 008 |
100310s2002 maua 001 0 eng d |
| 999 |
|
|
|c 7760
|d 7760
|
| 010 |
|
|
|a \\2001030273
|
| 020 |
|
|
|a 0070111278
|
| 020 |
|
|
|a 0071210288
|
| 040 |
|
|
|a DLC
|c DLC
|d DLC
|d BD-DhAAL
|
| 082 |
0 |
0 |
|a 621.3801
|2 22
|
| 100 |
1 |
|
|a Carlson, A. Bruce,
|d 1937-
|9 32793
|
| 245 |
1 |
0 |
|a Communication systems :
|b an introduction to signals and noise in electrical communication /
|c A. Bruce Carlson, Paul B. Crilly, Janet C. Rutledge.
|
| 250 |
|
|
|a 4th ed.
|
| 260 |
|
|
|a Boston :
|b McGraw-Hill,
|c 2002.
|
| 300 |
|
|
|a xiii, 850 p. :
|b ill. ;
|c 24 cm.
|
| 490 |
0 |
|
|a McGraw-Hill series in electrical and computer engineering
|
| 504 |
|
|
|a Includes index.
|
| 541 |
1 |
|
|e 00019940
|
| 650 |
|
0 |
|a Signal theory (Telecommunication)
|9 32794
|
| 650 |
|
0 |
|a Modulation (Electronics)
|9 32795
|
| 650 |
|
0 |
|a Digital communications.
|9 32796
|
| 700 |
1 |
|
|a Crilly, Paul B.
|9 32797
|
| 700 |
1 |
|
|a Rutledge, Janet C.
|9 32798
|
| 852 |
4 |
|
|a Ayesha Abed Library
|j General Shelf
|
| 942 |
|
|
|2 ddc
|c BK
|
| 952 |
|
|
|0 0
|1 0
|2 ddc
|4 0
|6 621_382230000000000_CAR_2002
|7 0
|9 8575
|a BRACUL
|b BRACUL
|c GEN
|d 2010-03-10
|l 1
|m 2
|o 621.38223 CAR
|p 3010019940
|q 2026-03-02
|r 2026-02-03
|s 2026-02-03
|t 1
|w 2010-03-10
|y BK
|
| 952 |
|
|
|0 0
|1 0
|2 ddc
|4 0
|6 621_382230000000000_CAR_2002
|7 0
|9 8576
|a BRACUL
|b BRACUL
|c GEN
|d 2010-03-10
|l 2
|m 30
|o 621.38223 CAR
|p 3010019941
|r 2023-08-02
|s 2022-12-06
|t 2
|w 2010-03-10
|y BK
|
| 952 |
|
|
|0 0
|1 0
|2 ddc
|4 0
|6 621_382230000000000_CAR_2002
|7 0
|9 10660
|a BRACUL
|b BRACUL
|c GEN
|d 2010-06-03
|l 1
|m 26
|o 621.38223 CAR
|p 3010013878
|q 2026-03-29
|r 2025-10-11
|s 2025-10-11
|t 3
|w 2010-06-03
|y BK
|